| 000 | 00624nam a22001817a 4500 | ||
|---|---|---|---|
| 005 | 2010040109419.0 | ||
| 008 | 100401t xxu||||| |||| 00| 0 eng d | ||
| 020 |
_a9781600571237 _c$12.99 |
||
| 037 | _bThe American Library | ||
| 040 |
_adpl _bEnglish |
||
| 245 | _aThe world almanac and book of facts 2010 | ||
| 260 |
_aNew York _bWorld Almanac Books _c2010 |
||
| 270 |
_bNew York _a132 West 31st Street _e10001 |
||
| 300 |
_a1008p. _c22cm(pbk) |
||
| 500 | _aThe authority since 1868 | ||
| 942 |
_2ddc _cEN _mWOR |
||
| 999 |
_c35017 _d35017 |
||